Normal view
MARC view
Entry Personal Name
001 - CONTROL NUMBER
- control field: 1237099
003 - CONTROL NUMBER IDENTIFIER
- control field: OSt
005 - DATE AND TIME OF LATEST TRANSACTION
- control field: 20260430150314.0
008 - FIXED-LENGTH DATA ELEMENTS
- fixed length control field: 260430|| aca||aabn | a|a d
040 ## - CATALOGING SOURCE
- Original cataloging agency: OSt
- Transcribing agency: OSt
100 ## - HEADING--PERSONAL NAME
- Personal name: Chopra Sakshi Au.; Malhotra Anita Gu.; Ranjan Piyush Gu
670 ## - SOURCE DATA FOUND
- Source citation: Work cat.: (OSt)1849467: Chopra Sakshi Au.; Malhotra Anita Gu.; Ranjan Piyush Gu., Predictors of Successful Weight Loss Outcome Amongst Adults with Obesity Undergoing Comprethensive Obesity Mangement at a Tertiary Care Hospital, 2023
